Development of plant regeneration protocol from the explants of Mesta (Hibiscus sabdariffa L.) / (Record no. 8506)

MARC details
000 -LEADER
fixed length control field 01197nam a22002657a 4500
001 - CONTROL NUMBER
control field BD-DhSAU 8506
003 - CONTROL NUMBER IDENTIFIER
control field BD-DhSAU
005 - DATE AND TIME OF LATEST TRANSACTION
control field 20181218115521.0
008 - FIXED-LENGTH DATA ELEMENTS--GENERAL INFORMATION
fixed length control field 150420b2006 bg ||||| m||| 000 0 eng d
040 ## - CATALOGING SOURCE
Original cataloging agency BD-DhSAU
082 ## - DEWEY DECIMAL CLASSIFICATION NUMBER
Edition number 22
Classification number ...
Item number ...
100 ## - MAIN ENTRY--PERSONAL NAME
Personal name Roy, Tapan Kumar
Relator term Registration # 00343
245 ## - TITLE STATEMENT
Title Development of plant regeneration protocol from the explants of Mesta (Hibiscus sabdariffa L.) /
Remainder of title MS thesis
Statement of responsibility, etc. Tapan Kumar Roy
260 ## - PUBLICATION, DISTRIBUTION, ETC. (IMPRINT)
Place of publication, distribution, etc. Sher-e-Bangla Agricultural Universities :
Name of publisher, distributor, etc. Department of Genetics and Plant Breeding,
Date of publication, distribution, etc. 2006.
300 ## - PHYSICAL DESCRIPTION
Extent xii, 46 p. ;
Dimensions 30 cm.
Other physical details ill. ;
500 ## - GENERAL NOTE
General note MS thesis of Department of Genetics and Plant Breeding, Faculty of Agriculture, Sher-e-Bangla Agricultural University, Dhaka, Bangladesh
590 ## - Name of Cataloguer
Name of Cataloger erfat
650 ## - SUBJECT ADDED ENTRY--TOPICAL TERM
Topical term or geographic name as entry element Genetics and Plant Breeding.
650 ## - SUBJECT ADDED ENTRY--TOPICAL TERM
Topical term or geographic name as entry element Development of plant regeneration protocol
650 ## - SUBJECT ADDED ENTRY--TOPICAL TERM
Topical term or geographic name as entry element Mesta (Hibiscus sabdariffa L.)
700 ## - ADDED ENTRY--PERSONAL NAME
Personal name Khatun, Asam
Relator term Superviser
700 ## - ADDED ENTRY--PERSONAL NAME
Personal name Hossain, Md Sarowar
Relator term Co-superviser
856 ## - ELECTRONIC LOCATION AND ACCESS
Uniform Resource Identifier <a href="http://archive.saulibrary.edu.bd:8080/xmlui/handle/123456789/526http://archive.saulibrary.edu.bd:8080/xmlui/handle/123456789/526">http://archive.saulibrary.edu.bd:8080/xmlui/handle/123456789/526http://archive.saulibrary.edu.bd:8080/xmlui/handle/123456789/526</a>
942 ## - ADDED ENTRY ELEMENTS (KOHA)
Source of classification or shelving scheme Dewey Decimal Classification
Koha item type MS Level Thesis
Holdings
Withdrawn status Lost status Source of classification or shelving scheme Damaged status Not for loan Collection code Home library Branch Name Shelving location Date acquired Total Checkouts Full call number Barcode Date last seen Price effective from Koha item type
    Dewey Decimal Classification   Not For Loan Reference SAU Library SAU Library Reference 12/06/2015   ... ... 39009 12/06/2015 12/06/2015 MS Level Thesis